[Event "Charlotte IM-B MLK 2022"]
[Site "Charlotte"]
[Date "2022.01.17"]
[Round "8.1"]
[White "Lima Martinez, Alejandro"]
[Black "Amburgy, Ryan"]
[Result "1/2-1/2"]
[WhiteElo "2078"]
[BlackElo "2135"]
[Annotator "TA"]
[PlyCount "81"]
[EventDate "2022.01.13"]
[EventType "tourn"]
[EventCountry "USA"]

{[%evp 20,81,16,18,19,4,6,2,11,2,10,-1,31,37,34,23,34,0,0,0,8,0,0,0,0,-45,29,28,35,35,30,31,23,27,27,13,33,0,0,0,0,0,0,0,0,0,0,0,33,0,0,0,0,0,0,0,0,0,0,0,0,0,0,0]} 1. d4 Nf6 2. Nf3 e6 3. c4 d5 4. g3 Bb4+ 5. Bd2 Bd6 6. Bg2 O-O 7. O-O c6 8. Qc2 Nbd7 9. Bg5 h6 10. Bxf6 Nxf6 11. Nbd2 {[%cal Bb1d2,Bd2f1,Bf1e3][%mdl 32]} b6 {E01: Catalan: Early deviations.} 12. e4 {[#] Threatens to win with e5.} Be7 13. e5 Nd7 {[%cal Bf6d7,Bd7b8,Bb8a6,Ba6c7][%mdl 32]} 14. Rfc1 Nb8 15. Nf1 {[#]} Bd7 $146 ({Predecessor:} 15... a5 16. Ne3 Na6 17. cxd5 cxd5 18. a3 Bd7 19. Bf1 b5 20. Bd3 Qb6 21. Qd2 Rfc8 {1-0 (30) Anand,N (2377)-Sharma,D (2275) Abu Dhabi 2018}) 16. Ne3 Na6 17. a3 Nc7 18. b4 dxc4 19. Nxc4 Nd5 20. Nfd2 a5 21. bxa5 b5 22. Bxd5 (22. Nb2 $11 {is superior.}) 22... exd5 (22... cxd5 $15 23. Nb2 Rxa5) 23. Nb6 $11 Rxa5 24. Nxd7 Qxd7 25. Qxc6 Qxc6 26. Rxc6 Ra4 27. Nb3 {With the idea Rb6.} Rfa8 28. Rb6 b4 29. Nc5 Bxc5 30. dxc5 bxa3 {[%mdl 4096] Endgame KRR-KRR} 31. c6 Rc8 32. Rb3 Rxc6 {[#] Hoping for ...a2.} 33. Raxa3 Re4 34. Re3 Rxe3 {The position is equal.} 35. Rxe3 {KR-KR} Kf8 36. f4 g6 37. Rd3 Rc5 38. Ra3 Rc1+ 39. Kf2 Rc2+ 40. Kf3 Ke7 41. Ra7+ {Weighted Error Value: White=0.08 (flawless) /Black=0.06 (flawless)} 1/2-1/2

[Event "Charlotte IM-B MLK 2022"]
[Site "Charlotte"]
[Date "2022.01.17"]
[Round "8.2"]
[White "Wu, Rochelle"]
[Black "Shen, Christopher"]
[Result "1-0"]
[WhiteElo "2176"]
[BlackElo "2335"]
[Annotator "TA"]
[PlyCount "91"]
[EventDate "2022.01.13"]
[EventType "tourn"]
[EventCountry "USA"]

{[%evp 9,91,-12,2,-20,-14,-41,-52,-54,-33,-52,-18,-56,-56,-58,-50,-47,-29,-51,-38,-19,-13,-94,-43,-27,-26,-71,-27,-55,-35,-56,-35,-6,0,0,0,-81,-81,-89,-43,-54,-67,-93,-61,-116,-90,-106,87,103,67,0,0,0,0,14,18,0,150,-11,0,0,0,-406,0,0,0,0,487,472,520,499,1187,1133,1404,1392,29980,29981,29987,29988,29988,29989,29989,29990,29990,2458]} 1. d4 e6 2. c4 Bb4+ 3. Nc3 c5 4. d5 Nf6 5. Bd2 O-O {[%cal Ob7b5]} 6. g3 {A40: Unusual replies to 1 d4.} exd5 7. cxd5 d6 8. Bg2 {Black is slightly better.} Re8 9. Nh3 {[#]} a6 $146 ({Predecessor:} 9... Bf5 10. O-O Nbd7 11. Re1 Ne5 12. a3 Ba5 13. b3 Rb8 14. Ng5 h6 15. Nf3 b5 16. Nxe5 Rxe5 {1-0 (61) Pena,G-Salas Chavez,N Quito/Guayaquil 1969}) 10. a4 Nbd7 11. Nf4 Rb8 12. O-O c4 {Prevents Nd3.} 13. Ne4 Bxd2 14. Nxd2 b5 15. Qc2 (15. axb5 $11 axb5 16. Nf3) 15... Nc5 (15... g5 $17 16. Nh3 h6) 16. axb5 $15 axb5 17. h4 (17. e3 $11) 17... h6 (17... Qb6 $17) 18. e3 Ng4 19. b3 cxb3 20. Nxb3 Nxb3 21. Qxb3 Qb6 22. Kh1 (22. Rfc1 $11 {keeps the balance.}) 22... b4 $17 {aiming for ...Ba6.} 23. Ra2 Bd7 (23... Ne5 $1 $17) 24. Ne2 $15 Rec8 25. Kg1 Ne5 26. Rfa1 (26. Be4 $1 $15) 26... Bg4 {And now ...Bxe2 would win.} 27. Ra6 {[#]} Bxe2 $2 28. Rxb6 $16 Rxb6 29. Be4 {Prevents Bd3.} ({White should try} 29. f4 $1 $14 Ng4 30. Re1) 29... g6 30. f4 Nd7 {White must now prevent ...Nc5.} 31. Qb2 Bg4 32. Ra7 Rc3 ({Better is} 32... Rb5 $11) 33. Kf2 $2 (33. h5 $16 gxh5 34. Ra8+ Kg7 35. Bg2) 33... Nc5 {[%mdl 1024] Black has compensation.} 34. Qb1 {[%cal Oe4g6]} Rb3 35. Qc2 {[%mdl 8192]} (35. Ra8+ $11 {and White has nothing to worry.} Kh7 36. Bxg6+ Kg7 37. Qa1+ (37. Qc2 $2 Rc3 $19) 37... Kxg6 38. Rg8+ Kh5 39. Qg7 Nd3+ 40. Kg2 Rb2+ 41. Kg1 Rb1+ 42. Kh2 Rb2+ 43. Kg1 Rb1+ 44. Kh2 Rb2+ 45. Kg1) 35... f5 $2 (35... Ra3 $19 36. Re7 Rba6 37. Re8+ (37. Bxg6 $2 Ra2 $19) 37... Kh7) 36. Ra8+ $11 Kf7 {Strongly threatening ...Ra3.} 37. Ra7+ Kf6 $2 {[%mdl 8192] [#]} (37... Kg8 $11 {and Black stays safe.} 38. Qc4 fxe4 39. Ra8+ Kf7 40. Ra7+ Bd7) 38. Bg2 $1 $18 Rc3 39. Qd2 {[%cal Rd2d4]} Nd3+ (39... Nb3 $142 40. Qa2 Nc5) 40. Kg1 Rb5 41. e4 {[%cal Oe4e5] Threatening mate with e5+!} Rbc5 42. Qe3 {White mates.} fxe4 43. Qd4+ Ne5 44. fxe5+ dxe5 45. Ra6+ Rc6 46. Qf2+ {Weighted Error Value: White=0.45/Black=0.76} (46. Qxb4 $142 Kf7 47. dxc6 Rc1+ 48. Kh2 Ke6 49. Qxe4 Kf6 50. Qxg4 g5 51. Qd7) 1-0

[Event "Charlotte IM-B MLK 2022"]
[Site "Charlotte"]
[Date "2022.01.17"]
[Round "8.3"]
[White "Oberoi, Shelev"]
[Black "Matros, Alexander"]
[Result "0-1"]
[WhiteElo "2268"]
[BlackElo "2361"]
[Annotator "TA"]
[PlyCount "172"]
[EventDate "2022.01.13"]
[EventType "tourn"]
[EventCountry "USA"]

{[%evp 11,172,10,16,15,14,25,20,7,26,6,24,22,43,-65,-51,-64,-18,-24,0,0,1,4,10,10,7,-7,0,-26,-27,-28,-22,-29,0,0,0,0,0,0,25,-40,-46,-37,0,0,0,8,9,-16,-8,-16,0,-15,0,0,0,-110,0,-51,-22,-14,-21,-17,-25,-28,0,0,0,0,0,-134,-113,-148,0,0,-4,-8,-8,-8,-29,0,0,0,0,0,0,0,0,0,0,0,0,-126,-135,-383,-364,-620,-602,-552,-210,-559,-559,-551,-552,-506,-483,-574,-545,-641,-377,-571,-530,-518,-508,-611,-511,-597,-637,-625,-625,-601,-581,-445,-493,-1000,-1024,-985,-981,-981,-974,-974,-858,-5402,-2829,-4710,-2043,-4952,-4952,-2747,-2219,-5135,0,-772,0,-1134,-1142,-990,-873,-2427,-2014,-2146,-1604,-1818,-1370,-969,-969,-29986,-29987,-29988,-29989,-29989,-29990,-29991,-29991]} 1. e4 c5 2. c3 Nf6 3. e5 Nd5 4. Nf3 d6 5. exd6 Qxd6 6. d4 cxd4 7. Na3 {B22: Sicilian: 2 c3.} a6 {Prevents Nb5.} 8. Nc4 Qc7 9. Qxd4 {The position is equal.} e6 10. a4 Nc6 11. Qe4 Be7 {[#]} 12. Nce5 $146 (12. Bd3 $14) ({Predecessor:} 12. Be2 O-O 13. O-O b6 14. Bd3 g6 15. Bh6 Rd8 16. Rfd1 Bb7 17. Qe2 Bf6 18. g3 Rd7 19. Be4 Rad8 20. Ne3 Nce7 21. Nxd5 Nxd5 22. Rac1 Bh8 {½-½ (22) Ljubicic,F (2400)-Rezan,S (2421) Omis 2005}) 12... f5 $15 13. Qe2 Nxe5 (13... Bf6 $15 {deserves consideration.} 14. Nxc6 Qxc6) 14. Qxe5 $11 Qxe5+ (14... Bd6 $5 {[%cal Rd6e5]} 15. Qd4 Bc5 $11) 15. Nxe5 Bf6 16. f4 Bxe5 17. fxe5 Bd7 18. Bd2 Bc6 19. a5 Ne7 {[%cal Bd5e7,Be7g6,Bg6h4][%mdl 32]} 20. Be3 Ng6 21. Bd4 Nh4 22. Kf2 g5 23. Rg1 Rd8 24. Be2 g4 25. Ra3 ({White should play} 25. Be3 $11) 25... h5 $15 26. Rb3 Kf7 27. Rb6 {[%cal Oe2a6]} Bd5 28. Be3 Ng6 29. Bg5 (29. Rd1 $5 {[%cal Rd1d5]} Nxe5 30. Bd4 $11) 29... Rd7 30. Bf6 {This bishop pair is nice.} Rc8 31. Rd1 $1 {[%cal Oc3c4]} Rcc7 {To avoid c4} 32. g3 {[%cal Oc3c4] To avoid Nf4} Nf8 33. Rd4 (33. Bg5 $11) 33... Bc6 (33... Rc5 $1 $17 34. c4 Bh1) 34. Rbb4 (34. Bg5 $11) 34... Rd5 35. Rxd5 Bxd5 36. Bd8 Rc8 37. Bb6 Nd7 38. Bd4 Nc5 39. Ke3 Ne4 {[%cal Oh5h4]} 40. c4 (40. Kf4 $11 {keeps the balance.}) 40... Bc6 $17 {[%cal Oh5h4] Black is more active.} 41. Rb6 Ng5 (41... h4 $1 $17 {[%cal Rh4g3]} 42. b4 (42. gxh4 Rh8 $17) 42... hxg3 43. hxg3 Nxg3) 42. b4 $11 Nf3 43. b5 axb5 44. cxb5 Bd5 {Hoping for ...Rc2.} 45. a6 $1 bxa6 ({Don't take} 45... Nxd4 46. axb7 (46. Kxd4 bxa6 47. bxa6 Rc2 $14) 46... Nc2+ 47. Kd2 $16) 46. bxa6 Nxd4 47. Kxd4 {[%mdl 4096] Endgame KRB-KRB} Rc2 48. Ke3 Ra2 {[%cal Oh5h4]} 49. Rb8 Ra4 50. Bd3 h4 {[%cal Bh5h4,Bh4h3][%mdl 32]} 51. Rh8 {[#]} (51. Rb2 $11 {remains equal.}) 51... h3 $1 $17 {Threatens to win with ...Kg7. White is now going downhill.} 52. Be2 $2 (52. Bb5 $17 Ra2 53. Be2) 52... Kg7 $19 53. Rh4 (53. Rh5 Re4+ 54. Kf2) 53... Re4+ 54. Kf2 Rxe5 $2 (54... Bc4 55. Bxc4 Rxc4) 55. Rh5 $2 {[#]} (55. Bxg4 fxg4 56. Rxg4+ Kf6 57. a7) 55... Re4 $1 56. Rg5+ Kf7 57. Rh5 Ra4 58. Rh7+ Kf6 59. Ke3 Ra3+ 60. Kf2 (60. Kd4 $142 Ra4+ 61. Ke3) 60... Ra2 61. Ke3 {Inhibits Bf3.} Ra1 62. a7 Ke5 63. Rd7 Ra3+ 64. Kf2 Kd4 65. Rf7 Ra2 {aiming for ...Bf3.} 66. Rd7 Kc5 {...Bf3 is the strong threat.} 67. Rf7 (67. Ke3 $142 Bc6 68. Rh7) 67... Bf3 68. a8=Q Bxa8 (68... Rxa8 $2 {is the wrong capture.} 69. Bxf3 gxf3 70. Kxf3 $19) 69. Ke3 {To avoid Bf3} Kd6 70. Rf8 Ke5 {Strongly threatening ...Ra3+.} 71. Re8 Ra3+ 72. Kf2 Bd5 73. Rb8 Ra2 {( -> ...Bc4)} 74. Ke3 Ra1 75. Bd3 Ra2 (75... Re1+ $142 76. Kd2 Rh1) 76. Be2 Ra3+ 77. Kf2 $1 Kd4 {White must now prevent ...Ra2.} 78. Rb4+ Kc5 79. Rb1 Ra2 80. Ke3 {To avoid Bf3} f4+ 81. gxf4 g3 82. Rc1+ Kd6 83. Bd3 gxh2 {Black mates.} 84. f5 h1=Q 85. Rxh1 Bxh1 86. fxe6 Ra3 {Weighted Error Value: White=0.46/Black=0.19 (very precise)} 0-1

[Event "Charlotte IM-B MLK 2022"]
[Site "Charlotte"]
[Date "2022.01.17"]
[Round "8.4"]
[White "Fishbein, Alexander"]
[Black "Kanli, Alperen"]
[Result "1-0"]
[WhiteElo "2458"]
[BlackElo "2055"]
[Annotator "TA"]
[PlyCount "137"]
[EventDate "2022.01.13"]
[EventType "tourn"]
[EventCountry "USA"]

{[%evp 9,136,0,-2,9,1,-9,8,3,16,12,21,5,7,23,20,17,15,14,18,11,31,0,0,-8,4,-94,12,3,12,8,10,8,12,6,11,0,4,0,0,-18,-16,-18,0,0,0,0,0,0,0,0,0,0,2,0,0,0,0,0,0,0,0,-3,0,0,0,0,0,0,11,11,11,0,0,0,0,0,0,0,107,97,162,153,195,195,195,195,195,195,195,184,184,184,195,195,215,215,257,257,257,207,305,257,257,215,1163,1039,939,918,29968,29969,29976,29977,29977,29978,29978,29979,29979,29980,29980,29977,29979,29980,29995,29996,29997,29998,29998,29999,29999]} 1. e4 c6 2. d4 d5 3. Nc3 {[%cal Bb1c3,Bc3e4,Be4c5][%mdl 32]} dxe4 4. Nxe4 Bf5 5. Nc5 e5 6. Nxb7 {B18: Classical Caro-Kann: 4...Bf5 sidelines.} Qb6 7. Nc5 exd4 8. Nb3 {The position is equal.} ({Much weaker is} 8. Qe2+ Be7 9. Nb3 Nf6 $17) 8... Bb4+ 9. Bd2 $1 Nf6 10. Bxb4 Qxb4+ 11. Qd2 Qe7+ 12. Qe2 Bxc2 $1 13. Qxe7+ Kxe7 14. Nxd4 Bg6 {[#]} 15. f3 $146 ({Predecessor:} 15. Rc1 Re8 16. Bc4 Nbd7 17. Nge2 Ne5 18. Ba6 Bd3 19. f4 Bxa6 20. fxe5 Ng4 21. e6 {½-½ (32) Wang,H (2742)-Mamedyarov,S (2729) London 2012}) 15... c5 16. Nb3 Nbd7 17. Kf2 (17. Na5 $11) 17... Rhc8 ({Black should try} 17... Rhb8 $17 {Strongly threatening ...a5.} 18. Be2 a5) 18. Na5 $11 Rab8 19. b3 Nd5 20. Nh3 f6 21. Bc4 N7b6 22. Rad1 Bf7 23. Bxd5 Nxd5 24. Nc4 Rc6 25. Rd2 Nb6 26. Na5 {Pair of Knights!} Rc7 27. Nf4 Kf8 28. Rc1 Rbc8 29. Rdc2 c4 30. Ne2 Bd5 31. Rc3 Rc5 32. b4 R5c7 33. Re3 Bf7 {...Nd5 is the strong threat.} 34. Nc3 Rd7 35. b5 Nd5 36. Rd1 Rcd8 37. Nxd5 Rxd5 38. Rxd5 Bxd5 {[%mdl 4096] Endgame KRB-KRN} 39. Rc3 a6 40. Nc6 Rd6 41. Nd4 axb5 42. Nxb5 Rb6 43. a4 Ke7 {[#]} (43... Rb7 $11 {keeps the balance.}) 44. Ke3 $1 $16 {White stays focused until the end.} Bc6 {[#]} (44... Rb8 $16) 45. Kd4 $1 $18 Bxb5 (45... Kd8 $16 46. Kc5 (46. Rxc4 Bxb5 47. Rb4 Rd6+ 48. Kc5 Rd2 $14) (46. Kxc4 Bd7 $16) 46... Ra6 47. Rxc4 Bd7) 46. Kc5 ({Weaker is} 46. axb5 Rxb5 47. Rc2 Ra5 $11) 46... Bxa4 47. Kxb6 {KR-KB} Bb3 48. Kc5 Ke6 49. Kd4 Kf5 50. g3 g6 51. Rc1 Kg5 52. Ra1 Kh6 53. Ra6 Kg7 54. Rc6 Bd1 (54... g5 $142 55. Ke3 h6) 55. Ke3 ({Not} 55. Rxc4 Bxf3 56. Rc7+ Kh6 $18) 55... Bb3 56. f4 f5 $2 (56... g5 57. Rc7+ Kg6 58. fxg5 fxg5 59. Rc6+ Kf7) 57. Rc7+ Kh6 58. Kd4 {And now Ke5 would win.} Ba2 59. Ke5 {White mates.} Bb3 60. h3 Bd1 61. Rxc4 Be2 62. Rc7 Bf3 63. Kf6 Be2 64. Rc1 Bf3 65. g4 fxg4 66. hxg4 Bxg4 67. Rh1+ Bh5 68. Rh2 g5 69. fxg5# {Weighted Error Value: White=0.07 (flawless) /Black=0.27 (precise)} 1-0

[Event "Charlotte IM-B MLK 2022"]
[Site "Charlotte"]
[Date "2022.01.17"]
[Round "8.5"]
[White "Chen, Ryo"]
[Black "Bregadze, Levan"]
[Result "1/2-1/2"]
[WhiteElo "2294"]
[BlackElo "2448"]
[Annotator "TA"]
[PlyCount "39"]
[EventDate "2022.01.13"]
[EventType "tourn"]
[EventCountry "USA"]

{[%evp 17,39,14,18,14,25,0,19,14,12,-11,35,28,38,28,25,21,16,18,20,20,15,16,30,7]} 1. e4 c5 2. Nf3 d6 3. d4 cxd4 4. Nxd4 Nf6 5. Nc3 Nc6 6. Be2 e5 7. Nf3 h6 8. O-O Be7 9. h3 O-O 10. Nh2 {B58: Classical Sicilian: 6 Be2.} Be6 11. Ng4 Nd4 {[%cal Of6e4]} 12. Nxf6+ {The position is equal.} Bxf6 13. Bg4 Bc4 (13... Rc8 $11 {might be stronger.}) 14. Re1 $14 {[#]} Bg5 $146 ({Predecessor:} 14... Qc7 15. a4 Rfd8 16. Be3 Qc6 17. Qd2 d5 18. Bxd4 exd4 19. Nxd5 Bxd5 20. exd5 Qxd5 {½-½ (80) Kovalev,V (2355)-Atabayev,M (2342) Burdur 2010}) 15. b3 Bxc1 16. Rxc1 Be6 17. Ne2 Bxg4 18. hxg4 Ne6 19. Qd2 b5 20. Rcd1 {Weighted Error Value: White=0.05 (flawless) /Black=0.08 (flawless)} 1/2-1/2

[Event "Charlotte IM-B MLK 2022"]
[Site "Charlotte"]
[Date "2022.01.17"]
[Round "9.1"]
[White "Kanli, Alperen"]
[Black "Lima Martinez, Alejandro"]
[Result "1/2-1/2"]
[WhiteElo "2055"]
[BlackElo "2078"]
[Annotator "TA"]
[PlyCount "29"]
[EventDate "2022.01.13"]
[EventType "tourn"]
[EventCountry "USA"]
[SourceTitle "playchess.com"]
[Source "ChessBase"]
[SourceQuality "1"]

{[%evp 14,29,60,18,63,66,91,39,58,25,25,24,27,31,17,25,43,-39]} 1. d4 Nf6 2. c4 c5 3. d5 b5 4. cxb5 a6 5. b6 d6 6. Nc3 Qxb6 7. e4 g6 8. a4 (8. Nf3 $14 {should be considered.}) 8... a5 {A57: Benko/Volga Gambit.} (8... Bg7 $11 {feels stronger.}) 9. Bb5+ Bd7 {[#]} 10. Qe2 (10. Nf3 $1 $16) 10... Bg7 $14 11. f4 (11. Nf3 $5 {[%cal Re4e5]}) 11... O-O 12. Nf3 e6 13. dxe6 Bxe6 14. O-O {[%cal Of4f5]} Nc6 {[#]} 15. e5 $146 {Weighted Error Value: White=0.18 (very precise) /Black=0.11 (very precise)} (15. f5 $1 $14 gxf5 16. exf5 Bxf5 17. Bg5) ({Predecessor:} 15. Rd1 Rad8 16. Nd5 Bxd5 17. exd5 Nb4 18. Bc4 Rfe8 19. Qf1 Qb7 20. Bd2 Nfxd5 21. Bxd5 Nxd5 22. Bxa5 Ne3 23. Qb5 Qxb5 24. axb5 Nxd1 25. Bxd8 Bd4+ 26. Kh1 Rxd8 {½-½ (26) Boenisch,A-Moeller,M Worms 1992}) 1/2-1/2

[Event "Charlotte IM-B MLK 2022"]
[Site "Charlotte"]
[Date "2022.01.17"]
[Round "9.3"]
[White "Matros, Alexander"]
[Black "Chen, Ryo"]
[Result "1/2-1/2"]
[WhiteElo "2361"]
[BlackElo "2294"]
[Annotator "TA"]
[PlyCount "21"]
[EventDate "2022.01.13"]
[EventType "tourn"]
[EventCountry "USA"]
[SourceTitle "playchess.com"]
[Source "ChessBase"]
[SourceQuality "1"]

{[%evp 19,21,11,3,-24]} 1. d4 Nf6 2. c4 g6 3. Nc3 Bg7 4. e4 d6 5. Nf3 O-O 6. h3 e5 7. dxe5 dxe5 8. Qxd8 Rxd8 9. Bg5 Nbd7 10. O-O-O Rf8 $1 {[#]} 11. b4 $146 {A rather calm draw. E90: King's Indian: Classical: Early deviations and 6 h3.} ({Predecessor:} 11. Nd5 c6 12. Ne7+ Kh8 13. Be3 {½-½ (13) Petkov,V (2512)-Baklan,V (2612) Ortisei 2012}) 1/2-1/2

[Event "Charlotte IM-B MLK 2022"]
[Site "Charlotte"]
[Date "2022.01.17"]
[Round "9.4"]
[White "Shen, Christopher"]
[Black "Oberoi, Shelev"]
[Result "0-1"]
[WhiteElo "2335"]
[BlackElo "2268"]
[Annotator "TA"]
[PlyCount "34"]
[EventDate "2022.01.13"]
[EventType "tourn"]
[EventCountry "USA"]
[SourceTitle "playchess.com"]
[Source "ChessBase"]
[SourceQuality "1"]

{[%evp 15,16,27,44]} 1. d4 Nf6 2. Nf3 g6 3. c4 Bg7 4. g3 c5 5. Bg2 cxd4 6. Nxd4 O-O 7. O-O d6 8. Nc3 Nc6 {[%mdl 32768] [#] Loss on time!?} {Predecessor:} 9. Nxc6 $146 {E65: King's Indian: Fianchetto: 6...c5 7 0-0 without d5 by White.} bxc6 10. Bg5 Rb8 11. Qd2 Be6 12. b3 Qd7 13. Rfd1 Bh3 14. Bh1 Rfd8 15. Rac1 c5 16. Bxf6 Bxf6 17. Ne4 Bg7 {0-1 (79) Oparin,G (2654)-Perez Ponsa,F (2554) Chess.com INT 2021} 0-1

[Event "Charlotte IM-B MLK 2022"]
[Site "Charlotte"]
[Date "2022.01.18"]
[Round "9.5"]
[White "Amburgy, Ryan"]
[Black "Wu, Rochelle"]
[Result "1/2-1/2"]
[WhiteElo "2135"]
[BlackElo "2176"]
[Annotator "TA"]
[PlyCount "90"]
[EventDate "2022.01.13"]
[EventType "tourn"]
[EventCountry "USA"]
[SourceTitle "playchess.com"]
[Source "ChessBase"]
[SourceQuality "1"]

{[%evp 9,90,0,11,-14,4,-14,-17,-12,17,-10,-16,-21,-21,-16,0,-29,0,-41,-40,-60,-51,-42,-17,-98,-83,-124,-115,-122,-50,-64,-40,-44,-42,-42,-35,-44,-31,-47,-37,-40,0,0,33,30,80,56,86,46,93,66,66,66,66,66,59,56,66,58,69,69,81,69,73,60,95,95,95,95,105,0,0,0,0,0,0,0,0,-358,-355,-349,0,0,0]} 1. d4 d5 2. Nc3 Nf6 3. Bf4 Bf5 4. f3 e6 5. g4 Bg6 6. h4 {[#] Strongly threatening h5. D00: 1 d4 d5: Unusual lines.} h6 7. e3 a6 $1 8. Bd3 Bxd3 9. cxd3 Bd6 10. Nge2 Bxf4 11. Nxf4 Qd6 12. Kf2 {[#]} Nbd7 $146 (12... Nc6 $5 {[%cal Rc6d4]}) ({Predecessor:} 12... Nc6 13. Qa4 O-O-O 14. Qa3 Qxa3 15. bxa3 g6 16. Rab1 Nd7 17. Na4 Kb8 18. Rhc1 Ka7 {0-1 (56) Zavgorodniy,S (2429)-Kanarek,M (2479) Katowice 2014}) 13. g5 (13. Qb3 $11) 13... Ng8 $1 $15 14. Rc1 O-O-O 15. g6 f6 (15... Ne7 {seems wilder.} 16. gxf7 g5 17. hxg5 hxg5 18. Nh3 Nf5) 16. Qc2 (16. Qb3 $11 {keeps the balance.}) 16... Kb8 $17 17. Na4 (17. Qb3 $142) 17... Ne7 18. Nc5 Nxc5 (18... e5 $17 19. Nfe6 Nf5 20. Nxd8 Rxd8) 19. dxc5 $15 Qc6 20. d4 e5 21. Ne2 Qe6 22. h5 Rhe8 23. Rce1 Nc6 24. Ng3 e4 ({Reject} 24... exd4 25. exd4 Qd7 26. Nf5 $11) 25. a3 {To avoid Nb4} Rd7 26. b4 Rde7 (26... Rdd8 $11) 27. f4 Rd8 28. Qe2 Qd7 (28... Ree8 $14) 29. Ra1 Ree8 30. Kg2 Ka7 31. Rhb1 b6 32. Rc1 Rc8 33. Rc3 Red8 34. Rac1 Ne7 35. Qd1 {White is much more active.} Re8 36. R1c2 Kb8 37. a4 Ka7 38. Qc1 {Hoping for cxb6+.} Kb8 (38... Qg4 $2 39. cxb6+ cxb6 40. Rxc8 Rxc8 41. Rxc8 Qxc8 42. Qxc8 Nxc8 43. Nf5 $18) 39. cxb6 (39. Kh2 $16) 39... cxb6 $11 40. a5 Rxc3 ({But not} 40... Qg4 41. Rxc8+ Rxc8 42. axb6 $18) 41. Rxc3 b5 42. Rc5 Qg4 {White must now prevent ...Nf5.} 43. Qf1 $2 {[%mdl 8192]} (43. Kh2 $11 {and White has nothing to worry.}) 43... Nf5 $19 44. Qf2 {[#]} Nxg3 $2 (44... Rc8 $1 $19 {[%cal Rc8c5] Threatens to win with ...Rxc5.} 45. Kh2 Nxg3 46. Qxg3 Qxh5+ 47. Kg1 Kb7) 45. Qxg3 $11 Qe2+ {Weighted Error Value: White=0.26 (precise) /Black=0.20 (precise)} 1/2-1/2